Statistiques concernant Filmographie de Nanni Moretti

Cliquez ici pour prendre le quiz!

Statistiques générales

  • Ce quiz a été pris 15 fois
  • Le résultat moyen est 13 sur 14

Statistiques - réponses

HintRéponse% Correct
1998Aprile
100%
1994Journal intime (Caro Diario)
100%
2001La Chambre du fils (La stanza del figlio)
100%
1983Bianca
89%
1978Ecce Bombo
89%
2011Habemus Papam
89%
1976Je suis un autarcique (Io sono un autarchico)
89%
1985La messe est finie (La messa è finita)
89%
2006Le Caïman (Il caimano)
89%
2015Mia Madre
89%
1989Palombella Rossa
89%
2018Santiago, Italia
89%
2020Tre Piani
89%
1981Sogni d'oro
78%

Distribution des résultats

Percentile par nombre de réponses

% des personnes avec chaque résultat

Votre développement - résultats

Vous n’avez pas pris ce quiz